000 00305nam a22001337a 4500
008 170127b xxu||||| |||| 00| 0 eng d
020 _a9780615283548
041 _aeng
080 _a61
100 _a3
101 _aSHM
245 _aSO YOU WANT TO BE A PHYSICIAN ASSISTANT
_cGRIVETT, B
942 _2udc
_cBK
999 _c3872
_d3872